Matematika pre 8. ročník špeciálnych základných škôl Pracovný zošit

Bibliographic Details
Main Author: Melišková, Lýdia (Author)
Other Authors: Imro, Igor, 1943- (Illustrator), Melišek, Jaroslav (Illustrator)
Format: Book
Language:Slovak
PhysicalDescription:64 s. fareb. fotogr. a ilustr. 30 cm
Published: Bratislava Slovenské pedagogické nakladateľstvo 2007
ISBN:9788010017058
Edition:3. upr. vyd.
Subjects:

MARC

LEADER 00000cam a2200000 a 4500
001 vtls009940744
003 SK-MaSNL
005 20260301171951.0
008 240315s2009 xo ao crp 000 0 slo
015 |a SNBA2009/12-05994 
020 |a 9788010017058  |q (brož.) 
035 |a 90307D80-330B-4786-8FC6-F415A89BFF69 
035 |a urn:nbn:sk:snk-amjwe6 
035 |a urn:nbn:sk:snk-am007z5z 
040 |a SNK  |b slo  |c SNK  |e AACR2 
041 0 |a slo 
044 |a xo  |c SK 
072 7 |a 51  |x Matematika  |2 konspekt 
080 |a 51  |2 2001 
080 |a (075.2)  |2 2001 
080 |a (076.1)  |2 2001 
100 1 |a Melišková, Lýdia  |4 aut  |9 178157 
245 1 0 |a Matematika pre 8. ročník špeciálnych základných škôl  |p Pracovný zošit  |c [Lýdia Melišková ; ilustrácie Igor Imro, Jaroslav Melišek] 
246 3 0 |a Pracovný zošit 
250 |a 3. upr. vyd. 
260 |a Bratislava  |b Slovenské pedagogické nakladateľstvo  |c 2007 
300 |a 64 s.  |b fareb. fotogr. a ilustr.  |c 30 cm 
650 0 7 |a matematika  |2 SNKPH  |9 70174 
650 0 7 |a Mathematics  |2 SNKPHeng  |9 265620 
655 7 |a učebnice špeciálnych základných škôl  |2 SNKPH  |9 70204 
655 7 |a pracovné zošity  |2 SNKPH  |9 70188 
655 7 |a Textbooks (elementary)  |2 SNKPHeng  |9 276977 
655 7 |a Activity books  |2 SNKPHeng  |9 302885 
700 1 |a Imro, Igor,  |d 1943-  |4 ill  |9 86339 
700 1 |a Melišek, Jaroslav  |4 ill  |9 69758 
919 |a 978-80-10-01705-8 
968 |d 37 
999 |c 832005  |d 833935 
952 |a SNK  |b SNK  |y PREZ  |7 0  |p 17A0630656  |o snkSB 78247  |i snk2009/16091  |8 0  |0 0  |1 0  |4 0  |d 2009-09-08  |f 1  |l 0  |r 2025-04-28 00:00:00  |w 2026-02-24 
952 |a SNK  |b SNK  |y VYP  |7 0  |p 17A0630657  |o snkSB 78247 D1  |i snk2009/16092  |8 0  |0 0  |1 0  |4 0  |d 2009-09-08  |l 0  |r 2016-06-30 00:00:00  |w 2026-02-24